000 00570nam a2200205Ia 4500
003 GCL
008 140319s9999 xx 000 0 ara d
040 _aGCL /
_cGCL
082 0 4 _a811.009
_bط ش
100 1 _aطه وادى
245 1 0 _aشعر ناجى- الموقف والاداة /
_cطه وادى
260 _a[S.N] :
_bدار المعارف ،
_c1990
300 _a143 ص
490 _a
650 0 4 _aالشعر العربى
650 0 4 _aالعصر الحديث
650 0 4 _aابراهيم ناجى
650 0 4 _aتاريخ ونقد
942 _2ddc
_cBK
999 _c54845
_d54845